[Event "Groninger Combinatie - HWP Sas van Gent"]
[Site ""]
[Date "2023.04.22"]
[Round "1.4"]
[White "Carlstedt, Jonathan"]
[Black "Follesa, Enrico"]
[Result "0-1"]
[WhiteElo "2452"]
[BlackElo "2178"]

1. c4 {[%clk 01:29:40]} {[%emt 00:01:19]} e5 {[%clk 01:30:43]} {[%emt
00:00:17]} 2. g3 {[%clk 01:30:04]} {[%emt 00:00:06]} Nf6 {[%clk 01:31:02]}
{[%emt 00:00:11]} 3. Bg2 {[%clk 01:30:27]} {[%emt 00:00:08]} d5 {[%clk
01:31:28]} {[%emt 00:00:04]} 4. cxd5 {[%clk 01:30:52]} {[%emt 00:00:05]} Nxd5
{[%clk 01:31:53]} {[%emt 00:00:05]} 5. Nc3 {[%clk 01:31:17]} {[%emt 00:00:05]}
Nb6 {[%clk 01:32:17]} {[%emt 00:00:06]} 6. Nf3 {[%clk 01:31:40]} {[%emt
00:00:06]} Nc6 {[%clk 01:32:41]} {[%emt 00:00:07]} 7. O-O {[%clk 01:31:50]}
{[%emt 00:00:21]} Be7 {[%clk 01:32:28]} {[%emt 00:00:42]} 8. d3 {[%clk
01:32:14]} {[%emt 00:00:06]} O-O {[%clk 01:32:16]} {[%emt 00:00:42]} 9. Be3
{[%clk 01:32:33]} {[%emt 00:00:11]} Be6 {[%clk 01:29:29]} {[%emt 00:03:17]} 10.
Rc1 {[%clk 01:32:54]} {[%emt 00:00:08]} Nd5 {[%clk 01:23:45]} {[%emt 00:06:14]}
11. Bd2 {[%clk 01:23:33]} {[%emt 00:09:51]} Nxc3 {[%clk 01:05:58]} {[%emt
00:18:18]} 12. Bxc3 {[%clk 01:20:34]} {[%emt 00:03:29]} f6 {[%clk 01:05:30]}
{[%emt 00:00:58]} 13. Nd2 {[%clk 01:13:53]} {[%emt 00:07:11]} Bd5 {[%clk
01:02:39]} {[%emt 00:03:21]} 14. Nc4 {[%clk 01:11:34]} {[%emt 00:02:48]} Bxg2
{[%clk 01:01:34]} {[%emt 00:01:37]} 15. Kxg2 {[%clk 01:12:01]} {[%emt
00:00:02]} Nd4 {[%clk 00:57:52]} {[%emt 00:04:12]} 16. e3 {[%clk 01:09:25]}
{[%emt 00:03:06]} Ne6 {[%clk 00:55:44]} {[%emt 00:02:36]} 17. f4 {[%clk
00:57:54]} {[%emt 00:12:02]} exf4 {[%clk 00:47:41]} {[%emt 00:08:34]} 18. gxf4
{[%clk 00:58:17]} {[%emt 00:00:06]} Nc5 {[%clk 00:38:00]} {[%emt 00:10:11]} 19.
Bb4 {[%clk 00:54:48]} {[%emt 00:04:00]} Re8 {[%clk 00:29:10]} {[%emt 00:09:19]}
20. Bxc5 {[%clk 00:46:44]} {[%emt 00:08:34]} Bxc5 {[%clk 00:28:59]} {[%emt
00:00:41]} 21. d4 {[%clk 00:43:02]} {[%emt 00:04:12]} Bf8 {[%clk 00:26:31]}
{[%emt 00:02:58]} 22. Qf3 {[%clk 00:35:49]} {[%emt 00:07:43]} c6 {[%clk
00:25:30]} {[%emt 00:01:32]} 23. Rfd1 {[%emt 00:04:03]} Qd5 {[%clk 00:24:07]}
24. Rd3 {[%clk 00:31:13]} {[%emt 00:03:24]} Rad8 {[%clk 00:18:36]} {[%emt
00:06:01]} 25. b3 {[%clk 00:19:38]} {[%emt 00:12:05]} Bb4 {[%clk 00:11:07]}
{[%emt 00:07:59]} 26. a3 {[%clk 00:18:59]} {[%emt 00:01:09]} Bf8 {[%clk
00:11:28]} {[%emt 00:00:10]} 27. b4 {[%clk 00:18:50]} {[%emt 00:00:39]} Rd7
{[%clk 00:08:38]} {[%emt 00:03:19]} 28. Qxd5+ {[%clk 00:18:58]} {[%emt
00:00:22]} cxd5 {[%clk 00:07:56]} {[%emt 00:01:13]} 29. Nd2 {[%clk 00:17:24]}
{[%emt 00:02:03]} Bd6 {[%clk 00:07:44]} {[%emt 00:00:41]} 30. Rdc3 {[%clk
00:15:21]} {[%emt 00:02:34]} Kf7 {[%clk 00:03:50]} {[%emt 00:04:24]} 31. h4
{[%clk 00:14:37]} {[%emt 00:01:16]} Bxf4 {[%clk 00:03:23]} {[%emt 00:00:57]} 32.
Kf3 {[%clk 00:11:56]} {[%emt 00:03:11]} Bd6 {[%clk 00:03:19]} {[%emt 00:00:32]}
33. e4 {[%clk 00:11:22]} {[%emt 00:01:05]} dxe4+ {[%clk 00:03:38]} {[%emt
00:00:11]} 34. Nxe4 {[%clk 00:11:46]} {[%emt 00:00:07]} Bb8 {[%clk 00:03:51]}
{[%emt 00:00:16]} 35. Rd1 {[%clk 00:11:23]} {[%emt 00:00:53]} Rd5 {[%clk
00:03:35]} {[%emt 00:00:47]} 36. Rc5 {[%clk 00:10:02]} {[%emt 00:01:50]} Red8
{[%clk 00:04:01]} {[%emt 00:00:04]} 37. Ke3 {[%clk 00:10:16]} {[%emt 00:00:15]}
b6 {[%clk 00:03:05]} {[%emt 00:01:26]} 38. Rxd5 {[%clk 00:09:27]} {[%emt
00:01:20]} Rxd5 {[%clk 00:03:34]} {[%emt 00:00:02]} 39. Rc1 {[%clk 00:09:50]}
{[%emt 00:00:07]} Rd8 {[%clk 00:03:00]} {[%emt 00:01:03]} 40. b5 {[%clk
00:09:04]} {[%emt 00:01:16]} h6 {[%clk 00:02:43]} {[%emt 00:00:47]} 41. Rc6
{[%clk 00:04:08]} {[%emt 00:05:25]} f5 {[%clk 00:02:21]} {[%emt 00:00:53]} 42.
Nd2 {[%clk 00:04:09]} {[%emt 00:00:26]} f4+ {[%clk 00:00:33]} {[%emt 00:02:20]}
43. Kd3 {[%clk 00:04:03]} {[%emt 00:00:36]} Be5 {[%clk 00:25:11]} {[%emt
00:05:52]} 44. Nf3 {[%clk 00:33:45]} {[%emt 00:00:49]} Bd6 {[%clk 00:24:20]}
{[%emt 00:01:20]} 45. a4 {[%clk 00:33:14]} {[%emt 00:01:01]} Ke6 {[%clk
00:19:49]} {[%emt 00:05:02]} 46. Ke4 {[%clk 00:32:46]} {[%emt 00:00:57]} Rf8
{[%clk 00:15:59]} {[%emt 00:04:20]} 47. Ne5 {[%clk 00:31:07]} {[%emt 00:02:09]}
Rf6 {[%clk 00:14:10]} {[%emt 00:02:19]} 48. h5 {[%clk 00:28:27]} {[%emt
00:03:11]} Ke7 {[%clk 00:12:30]} {[%emt 00:02:09]} 49. Rc3 {[%clk 00:28:37]}
{[%emt 00:00:20]} Ke6 {[%clk 00:07:37]} {[%emt 00:05:23]} 50. d5+ {[%clk
00:27:46]} {[%emt 00:01:20]} Ke7 {[%clk 00:08:06]} {[%emt 00:00:02]} 51. Nc6+
{[%clk 00:28:07]} {[%emt 00:00:08]} Kd7 {[%clk 00:08:27]} {[%emt 00:00:11]} 52.
Nxa7 {[%clk 00:27:31]} {[%emt 00:01:05]} g5 {[%clk 00:07:13]} {[%emt 00:01:45]}
53. hxg6 {[%clk 00:25:47]} {[%emt 00:02:14]} Rxg6 {[%clk 00:07:41]} {[%emt
00:00:02]} 54. Rh3 {[%clk 00:13:22]} {[%emt 00:12:54]} Rf6 {[%clk 00:04:51]}
{[%emt 00:03:19]} 55. Rf3 {[%clk 00:11:56]} {[%emt 00:01:57]} Rf8 {[%clk
00:04:44]} {[%emt 00:00:37]} 56. Nc6 {[%clk 00:11:04]} {[%emt 00:01:21]} Re8+
{[%clk 00:03:43]} {[%emt 00:01:32]} 57. Kd3 {[%clk 00:11:27]} {[%emt 00:00:07]}
Rg8 {[%clk 00:02:25]} {[%emt 00:01:49]} 58. Rf1 {[%clk 00:08:49]} {[%emt
00:03:08]} Rg3+ {[%clk 00:02:17]} {[%emt 00:00:38]} 59. Kd4 {[%clk 00:09:09]}
{[%emt 00:00:10]} Ra3 {[%clk 00:01:56]} {[%emt 00:00:50]} 60. a5 {[%clk
00:09:21]} {[%emt 00:00:18]} bxa5 {[%clk 00:01:36]} {[%emt 00:00:51]} 61. Rb1
{[%clk 00:09:48]} {[%emt 00:00:03]} f3 {[%clk 00:01:13]} {[%emt 00:00:53]} 62.
b6 {[%clk 00:10:06]} {[%emt 00:00:11]} f2 {[%clk 00:01:19]} {[%emt 00:00:25]}
63. Rf1 {[%clk 00:07:41]} {[%emt 00:02:54]} Rf3 {[%clk 00:01:15]} {[%emt
00:00:35]} 64. Nxa5 {[%clk 00:05:56]} {[%emt 00:02:15]} Rf4+ {[%clk 00:00:55]}
{[%emt 00:00:51]} 65. Kd3 {[%clk 00:05:43]} {[%emt 00:00:41]} Bc5 {[%clk
00:01:15]} {[%emt 00:00:10]} 66. b7 {[%clk 00:04:05]} {[%emt 00:02:09]} Kc7
{[%clk 00:01:44]} {[%emt 00:00:01]} 67. d6+ {[%clk 00:04:21]} {[%emt 00:00:14]}
Bxd6 {[%clk 00:01:20]} {[%emt 00:00:54]} 68. Rc1+ {[%clk 00:03:11]} {[%emt
00:01:40]} Kb8 {[%clk 00:00:48]} {[%emt 00:01:02]} 69. Ke2 {[%clk 00:02:29]}
{[%emt 00:01:11]} Bc7 {[%clk 00:00:49]} {[%emt 00:00:30]} 70. Nb3 {[%clk
00:02:05]} {[%emt 00:00:53]} Bb6 {[%clk 00:00:53]} {[%emt 00:00:26]} 71. Rb1
{[%clk 00:00:36]} {[%emt 00:01:59]} h5 {[%clk 00:00:50]} {[%emt 00:00:33]} 72.
Nd2 {[%clk 00:00:55]} {[%emt 00:00:11]} Kxb7 {[%clk 00:01:15]} {[%emt
00:00:05]} 73. Rh1 {[%clk 00:00:47]} {[%emt 00:00:38]} Rf5 {[%clk 00:01:21]}
{[%emt 00:00:23]} 74. Ne4 {[%clk 00:00:43]} {[%emt 00:00:35]} Rf4 {[%clk
00:01:38]} {[%emt 00:00:14]} 75. Nd2 {[%clk 00:00:58]} {[%emt 00:00:14]} h4
{[%clk 00:02:07]} 76. Nf3 {[%clk 00:01:14]} {[%emt 00:00:14]} Kc6 {[%clk
00:02:01]} {[%emt 00:00:35]} 77. Rh3 {[%clk 00:00:48]} {[%emt 00:00:57]} Re4+
{[%clk 00:02:15]} {[%emt 00:00:15]} 78. Kf1 {[%clk 00:01:01]} {[%emt 00:00:17]}
Ra4 {[%clk 00:02:23]} {[%emt 00:00:19]} 79. Nh2 {[%clk 00:00:32]} {[%emt
00:01:03]} Ra1+ {[%clk 00:02:47]} {[%emt 00:00:05]} 80. Ke2 {[%clk 00:00:47]}
{[%emt 00:00:15]} Re1+ {[%clk 00:03:12]} {[%emt 00:00:05]} 81. Kd2 {[%clk
00:01:03]} {[%emt 00:00:15]} Rh1 {[%clk 00:03:05]} {[%emt 00:00:37]} 0-1

[Event "Groninger Combinatie - HWP Sas van Gent"]
[Site ""]
[Date "2023.04.22"]
[Round "1.5"]
[White "Piceu, Tom"]
[Black "Van Foreest, Machteld"]
[Result "1-0"]
[WhiteElo "2289"]
[BlackElo "2317"]

1. d4 {[%clk 01:25:30]} {[%emt 00:05:29]} Nf6 {[%clk 01:30:55]} {[%emt
00:00:07]} 2. c4 {[%clk 01:25:52]} {[%emt 00:00:08]} e6 {[%clk 01:31:17]} 3.
Nc3 {[%clk 01:26:15]} {[%emt 00:00:15]} d5 {[%clk 01:29:26]} 4. Bg5 {[%clk
01:25:33]} {[%emt 00:03:33]} Be7 {[%emt 00:05:32]} 5. Nf3 {[%clk 01:25:46]}
{[%emt 00:00:10]} O-O {[%clk 01:24:01]} {[%emt 00:01:00]} 6. e3 {[%clk
01:25:46]} {[%emt 00:00:29]} h6 {[%clk 01:17:31]} {[%emt 00:07:01]} 7. Bh4
{[%clk 01:24:46]} {[%emt 00:01:29]} c6 {[%clk 01:10:09]} {[%emt 00:07:53]} 8.
Rc1 {[%clk 01:24:23]} {[%emt 00:00:51]} a6 {[%clk 00:53:18]} {[%emt 00:17:22]}
9. c5 {[%clk 01:16:59]} {[%emt 00:07:53]} Nbd7 {[%emt 00:14:41]} 10. Bd3 {[%clk
01:12:31]} {[%emt 00:02:42]} e5 {[%clk 00:35:40]} {[%emt 00:06:15]} 11. dxe5
{[%clk 01:09:04]} {[%emt 00:03:57]} Ne8 {[%clk 00:34:43]} {[%emt 00:01:26]} 12.
Bg3 {[%clk 01:09:25]} {[%emt 00:00:08]} Nxc5 {[%clk 00:33:53]} {[%emt
00:01:22]} 13. Bb1 {[%clk 01:08:32]} {[%emt 00:01:22]} Bg4 {[%clk 00:28:41]}
{[%emt 00:05:42]} 14. Ne2 {[%clk 00:59:28]} {[%emt 00:09:34]} Ne4 {[%clk
00:27:46]} {[%emt 00:01:25]} 15. O-O {[%clk 00:55:58]} {[%emt 00:03:59]} Qa5
{[%clk 00:23:27]} {[%emt 00:04:51]} 16. a3 {[%clk 00:43:49]} {[%emt 00:12:39]}
Nc7 {[%clk 00:21:28]} {[%emt 00:02:28]} 17. h3 {[%clk 00:38:59]} {[%emt
00:05:19]} Bh5 {[%clk 00:21:09]} {[%emt 00:00:50]} 18. Bh2 {[%clk 00:38:27]}
{[%emt 00:01:01]} Ne6 {[%clk 00:19:50]} {[%emt 00:01:51]} 19. g4 {[%clk
00:36:26]} {[%emt 00:02:30]} Bg6 {[%clk 00:20:15]} {[%emt 00:00:05]} 20. Nf4
{[%clk 00:36:45]} {[%emt 00:00:11]} Bh7 {[%clk 00:18:23]} {[%emt 00:02:21]} 21.
Nd4 {[%clk 00:32:42]} {[%emt 00:04:33]} Nxd4 {[%clk 00:15:18]} {[%emt
00:03:36]} 22. exd4 {[%clk 00:29:47]} {[%emt 00:03:25]} Qb6 {[%clk 00:13:22]}
{[%emt 00:02:27]} 23. f3 {[%clk 00:23:42]} {[%emt 00:06:34]} Ng5 {[%clk
00:13:08]} {[%emt 00:00:44]} 24. Bxh7+ {[%clk 00:24:04]} {[%emt 00:00:08]} Kxh7
{[%clk 00:13:06]} {[%emt 00:00:33]} 25. Qd3+ {[%clk 00:22:58]} {[%emt
00:01:35]} Kh8 {[%clk 00:11:44]} {[%emt 00:01:52]} 26. Rc2 {[%clk 00:23:19]}
{[%emt 00:00:09]} Ne6 {[%clk 00:11:18]} {[%emt 00:00:55]} 27. Nxe6 {[%clk
00:23:08]} {[%emt 00:00:41]} fxe6 {[%clk 00:11:46]} {[%emt 00:00:04]} 28. f4
{[%clk 00:22:57]} {[%emt 00:00:40]} c5 {[%clk 00:09:23]} {[%emt 00:02:53]} 29.
f5 {[%clk 00:20:31]} {[%emt 00:02:55]} c4 {[%clk 00:05:06]} {[%emt 00:04:48]}
30. Qe3 {[%clk 00:19:03]} {[%emt 00:01:57]} exf5 {[%clk 00:04:41]} {[%emt
00:00:57]} 31. Rxf5 {[%clk 00:17:12]} {[%emt 00:02:20]} Bg5 {[%clk 00:03:48]}
{[%emt 00:01:23]} 32. Bf4 {[%clk 00:16:19]} {[%emt 00:01:22]} Bxf4 {[%clk
00:02:38]} {[%emt 00:01:41]} 33. Qxf4 {[%clk 00:16:45]} {[%emt 00:00:04]} Rxf5
{[%clk 00:01:53]} {[%emt 00:01:14]} 34. gxf5 {[%clk 00:17:12]} {[%emt
00:00:03]} Qb3 {[%clk 00:01:53]} {[%emt 00:00:31]} 35. Rg2 {[%clk 00:06:45]}
{[%emt 00:10:57]} Qxh3 {[%clk 00:01:49]} {[%emt 00:00:34]} 36. e6 {[%clk
00:05:20]} {[%emt 00:01:55]} Qd3 {[%clk 00:01:02]} {[%emt 00:01:17]} 37. Qg4
{[%clk 00:03:38]} {[%emt 00:02:12]} Qe3+ {[%clk 00:01:03]} {[%emt 00:00:30]} 38.
Kh2 {[%clk 00:01:59]} {[%emt 00:02:08]} Qg5 {[%clk 00:01:22]} {[%emt 00:00:11]}
39. Qxg5 {[%clk 00:01:43]} {[%emt 00:00:45]} hxg5 {[%clk 00:01:50]} {[%emt
00:00:02]} 40. Rxg5 {[%clk 00:01:33]} {[%emt 00:00:41]} b5 {[%clk 00:00:45]}
{[%emt 00:01:36]} 41. Kg3 {[%clk 00:25:29]} {[%emt 00:06:33]} a5 {[%clk
00:21:17]} {[%emt 00:09:59]} 42. Kf4 {[%clk 00:21:57]} {[%emt 00:04:00]} b4
{[%clk 00:20:38]} {[%emt 00:01:11]} 43. axb4 {[%clk 00:21:48]} {[%emt
00:00:39]} axb4 {[%clk 00:20:56]} {[%emt 00:00:12]} 44. Ke5 {[%clk 00:20:52]}
{[%emt 00:01:25]} c3 {[%clk 00:20:57]} {[%emt 00:00:30]} 45. bxc3 {[%clk
00:20:11]} {[%emt 00:01:10]} bxc3 {[%clk 00:21:24]} {[%emt 00:00:02]} 46. Rg2
{[%clk 00:20:20]} {[%emt 00:00:21]} Rc8 {[%clk 00:21:03]} {[%emt 00:00:52]} 47.
Rc2 {[%clk 00:20:16]} {[%emt 00:00:33]} Kg8 {[%clk 00:21:17]} {[%emt 00:00:17]}
48. Kd6 {[%clk 00:18:49]} {[%emt 00:01:57]} Kf8 {[%clk 00:20:46]} {[%emt
00:01:01]} 49. Kd7 {[%clk 00:18:53]} {[%emt 00:00:25]} 1-0

[Event "Groninger Combinatie - HWP Sas van Gent"]
[Site ""]
[Date "2023.04.22"]
[Round "1.6"]
[White "Wempe, Joost"]
[Black "Groffen, Hans"]
[Result "1-0"]
[WhiteElo "2315"]
[BlackElo "2110"]

1. d4 {[%clk 01:30:56]} {[%emt 00:00:03]} d5 {[%clk 01:30:42]} {[%emt
00:00:18]} 2. Nf3 {[%clk 01:31:20]} {[%emt 00:00:06]} Nf6 {[%clk 01:30:58]}
{[%emt 00:00:15]} 3. g3 {[%clk 01:31:44]} {[%emt 00:00:06]} c6 {[%clk
01:31:07]} {[%emt 00:00:20]} 4. Bg2 {[%clk 01:32:07]} {[%emt 00:00:08]} Bf5
{[%clk 01:31:15]} {[%emt 00:00:22]} 5. c4 {[%clk 01:32:23]} {[%emt 00:00:13]}
e6 {[%clk 01:29:31]} {[%emt 00:02:14]} 6. Qb3 {[%clk 01:32:36]} {[%emt
00:00:17]} Qb6 {[%clk 01:28:12]} {[%emt 00:01:49]} 7. c5 {[%clk 01:33:00]}
{[%emt 00:00:07]} Qxb3 {[%clk 01:28:17]} {[%emt 00:00:25]} 8. axb3 {[%clk
01:33:23]} {[%emt 00:00:07]} Be7 {[%clk 01:25:01]} {[%emt 00:03:46]} 9. Nc3
{[%clk 01:33:30]} {[%emt 00:00:22]} a6 {[%clk 01:24:33]} {[%emt 00:00:58]} 10.
b4 {[%clk 01:33:38]} {[%emt 00:00:23]} O-O {[%clk 01:24:09]} {[%emt 00:00:54]}
11. Bf4 {[%clk 01:30:43]} {[%emt 00:03:25]} Nbd7 {[%clk 01:23:20]} {[%emt
00:01:19]} 12. Nd2 {[%clk 01:28:54]} {[%emt 00:02:19]} Nh5 {[%clk 01:20:24]}
{[%emt 00:03:26]} 13. Be5 {[%clk 01:20:16]} {[%emt 00:09:08]} f6 {[%clk
01:06:00]} {[%emt 00:14:54]} 14. Bd6 {[%clk 01:12:28]} {[%emt 00:08:18]} Bxd6
{[%clk 01:05:23]} {[%emt 00:01:07]} 15. cxd6 {[%clk 01:12:52]} {[%emt
00:00:07]} g5 {[%clk 01:02:43]} {[%emt 00:03:09]} 16. O-O {[%clk 01:10:10]}
{[%emt 00:03:12]} Ng7 {[%clk 00:57:34]} {[%emt 00:05:38]} 17. e4 {[%clk
01:04:10]} {[%emt 00:06:31]} Bg6 {[%clk 00:54:50]} {[%emt 00:03:14]} 18. Rfe1
{[%clk 00:58:08]} {[%emt 00:06:32]} dxe4 {[%clk 00:53:28]} {[%emt 00:01:52]} 19.
Ncxe4 {[%clk 00:50:04]} {[%emt 00:08:34]} Nf5 {[%clk 00:49:36]} {[%emt
00:04:21]} 20. Nc5 {[%clk 00:47:51]} {[%emt 00:02:44]} Nxc5 {[%clk 00:49:34]}
{[%emt 00:00:32]} 21. dxc5 {[%clk 00:48:08]} {[%emt 00:00:13]} Nd4 {[%clk
00:49:38]} {[%emt 00:00:26]} 22. Be4 {[%clk 00:43:06]} {[%emt 00:05:32]} Bxe4
{[%clk 00:47:15]} {[%emt 00:02:53]} 23. Rxe4 {[%clk 00:43:28]} {[%emt
00:00:08]} e5 {[%clk 00:47:14]} {[%emt 00:00:31]} 24. f4 {[%clk 00:40:07]}
{[%emt 00:03:51]} gxf4 {[%clk 00:44:04]} {[%emt 00:03:41]} 25. gxf4 {[%clk
00:39:25]} {[%emt 00:01:12]} Rae8 {[%clk 00:42:31]} {[%emt 00:02:02]} 26. fxe5
{[%clk 00:32:11]} {[%emt 00:07:45]} fxe5 {[%clk 00:42:41]} {[%emt 00:00:20]} 27.
Rae1 {[%clk 00:32:05]} {[%emt 00:00:36]} Nc2 {[%clk 00:42:03]} {[%emt
00:01:08]} 28. R1e2 {[%clk 00:30:29]} {[%emt 00:02:06]} Nd4 {[%clk 00:41:37]}
{[%emt 00:00:55]} 29. R2e3 {[%clk 00:18:42]} {[%emt 00:12:17]} Nc2 {[%clk
00:38:12]} {[%emt 00:03:55]} 30. Rg3+ {[%clk 00:18:53]} {[%emt 00:00:20]} Kh8
{[%clk 00:33:24]} {[%emt 00:05:18]} 31. Rg5 {[%clk 00:10:41]} {[%emt 00:08:42]}
Rg8 {[%clk 00:28:38]} {[%emt 00:05:15]} 32. Rxg8+ {[%clk 00:08:12]} {[%emt
00:03:00]} Rxg8+ {[%clk 00:28:44]} {[%emt 00:00:24]} 33. Kf1 {[%clk 00:07:51]}
{[%emt 00:00:51]} Rf8+ {[%clk 00:26:39]} {[%emt 00:02:35]} 34. Kg2 {[%clk
00:08:06]} {[%emt 00:00:13]} Kg7 {[%clk 00:20:57]} {[%emt 00:06:13]} 35. Rxe5
{[%clk 00:05:19]} {[%emt 00:03:18]} Nxb4 {[%clk 00:19:39]} {[%emt 00:01:48]} 36.
Re7+ {[%clk 00:05:39]} {[%emt 00:00:10]} Kg6 {[%clk 00:19:33]} {[%emt
00:00:36]} 37. Nf3 {[%clk 00:04:59]} {[%emt 00:01:10]} Nd3 {[%clk 00:19:07]}
{[%emt 00:00:55]} 38. b4 {[%clk 00:02:38]} {[%emt 00:02:52]} Kf6 {[%clk
00:17:32]} {[%emt 00:02:05]} 39. Rxb7 {[%clk 00:02:42]} {[%emt 00:00:26]} Ke6
{[%clk 00:16:05]} {[%emt 00:01:57]} 40. Re7+ {[%clk 00:01:12]} {[%emt
00:02:00]} Kd5 {[%clk 00:16:14]} {[%emt 00:00:21]} 41. d7 {[%clk 00:27:25]}
{[%emt 00:04:17]} Rd8 {[%clk 00:45:11]} {[%emt 00:01:33]} 42. Ng5 {[%clk
00:27:04]} {[%emt 00:00:51]} Nf4+ {[%clk 00:43:04]} {[%emt 00:02:36]} 43. Kf1
{[%clk 00:21:16]} {[%emt 00:06:18]} Ng6 {[%clk 00:42:27]} {[%emt 00:01:07]} 44.
Ne6 {[%clk 00:20:34]} {[%emt 00:01:14]} Nxe7 {[%clk 00:41:12]} {[%emt
00:01:44]} 45. Nxd8 {[%clk 00:20:59]} {[%emt 00:00:05]} 1-0

[Event "Groninger Combinatie - HWP Sas van Gent"]
[Site ""]
[Date "2023.04.22"]
[Round "1.7"]
[White "Decrop, Benjamin"]
[Black "Kovacsy, Barnabas"]
[Result "0-1"]
[WhiteElo "2226"]
[BlackElo "2245"]

1. d4 {[%clk 01:30:57]} {[%emt 00:00:02]} Nf6 {[%clk 01:30:50]} {[%emt
00:00:10]} 2. c4 {[%clk 01:31:22]} {[%emt 00:00:04]} g6 {[%clk 01:31:11]}
{[%emt 00:00:08]} 3. Nc3 {[%clk 01:31:47]} {[%emt 00:00:06]} d5 {[%clk
01:31:34]} {[%emt 00:00:07]} 4. Nf3 {[%clk 01:32:11]} {[%emt 00:00:05]} Bg7
{[%clk 01:31:56]} {[%emt 00:00:09]} 5. Qb3 {[%clk 01:32:36]} {[%emt 00:00:05]}
dxc4 {[%clk 01:31:57]} {[%emt 00:00:30]} 6. Qxc4 {[%clk 01:33:00]} {[%emt
00:00:05]} O-O {[%clk 01:32:17]} {[%emt 00:00:10]} 7. e4 {[%clk 01:33:16]}
{[%emt 00:00:14]} Nc6 {[%clk 01:31:58]} {[%emt 00:00:49]} 8. Be2 {[%clk
01:31:53]} {[%emt 00:01:52]} Bg4 {[%clk 01:31:47]} {[%emt 00:00:42]} 9. Be3
{[%clk 01:27:22]} {[%emt 00:05:01]} Bxf3 {[%clk 01:30:55]} {[%emt 00:01:22]} 10.
gxf3 {[%clk 01:17:22]} {[%emt 00:10:30]} e5 {[%clk 01:30:46]} {[%emt 00:00:40]}
11. d5 {[%clk 01:13:15]} {[%emt 00:04:36]} Nd4 {[%clk 01:30:10]} {[%emt
00:01:06]} 12. O-O-O {[%clk 00:55:33]} {[%emt 00:18:12]} a6 {[%clk 01:23:22]}
{[%emt 00:07:18]} 13. f4 {[%clk 00:47:32]} {[%emt 00:08:31]} b5 {[%clk
01:20:13]} {[%emt 00:03:40]} 14. Qd3 {[%clk 00:47:34]} {[%emt 00:00:28]} Nxe2+
{[%clk 01:16:09]} {[%emt 00:04:34]} 15. Nxe2 {[%clk 00:47:45]} {[%emt
00:00:19]} exf4 {[%clk 01:14:08]} {[%emt 00:02:32]} 16. Bxf4 {[%clk 00:44:13]}
{[%emt 00:04:01]} Ng4 {[%clk 01:11:52]} {[%emt 00:02:46]} 17. Qg3 {[%clk
00:39:31]} {[%emt 00:05:12]} Qf6 {[%clk 01:08:14]} {[%emt 00:04:08]} 18. Nd4
{[%clk 00:34:24]} {[%emt 00:05:37]} Rfe8 {[%clk 01:03:23]} {[%emt 00:05:21]} 19.
Rhe1 {[%clk 00:28:18]} {[%emt 00:06:36]} Qb6 {[%clk 00:36:42]} {[%emt
00:27:11]} 20. Qxg4 {[%clk 00:24:09]} {[%emt 00:04:39]} Bxd4 {[%clk 00:36:46]}
{[%emt 00:00:25]} 21. Be3 {[%clk 00:24:35]} {[%emt 00:00:03]} Bxe3+ {[%clk
00:34:24]} {[%emt 00:02:53]} 22. Rxe3 {[%clk 00:23:14]} {[%emt 00:01:52]} Rad8
{[%clk 00:30:52]} {[%emt 00:04:02]} 23. Qe2 {[%clk 00:22:28]} {[%emt 00:01:16]}
c6 {[%clk 00:29:17]} {[%emt 00:02:05]} 24. Kb1 {[%clk 00:17:52]} {[%emt
00:05:06]} Rd6 {[%clk 00:23:26]} {[%emt 00:06:20]} 25. Red3 {[%clk 00:13:34]}
{[%emt 00:04:49]} cxd5 {[%clk 00:23:16]} {[%emt 00:00:40]} 26. Rxd5 {[%clk
00:13:57]} {[%emt 00:00:07]} Rxd5 {[%clk 00:23:31]} {[%emt 00:00:15]} 27. Rxd5
{[%clk 00:14:20]} {[%emt 00:00:07]} Qe6 {[%clk 00:23:50]} {[%emt 00:00:11]} 28.
Rd2 {[%clk 00:09:13]} {[%emt 00:05:37]} Qxe4+ {[%clk 00:23:39]} {[%emt
00:00:41]} 29. Qxe4 {[%clk 00:09:40]} {[%emt 00:00:04]} Rxe4 {[%clk 00:23:58]}
{[%emt 00:00:11]} 30. Kc2 {[%clk 00:10:03]} {[%emt 00:00:07]} Rh4 {[%clk
00:21:10]} {[%emt 00:03:18]} 31. f3 {[%emt 00:00:47]} Rc4+ {[%clk 00:21:01]} 32.
Kd1 {[%clk 00:09:47]} {[%emt 00:01:08]} Rc6 {[%clk 00:20:48]} {[%emt 00:00:42]}
33. Ke2 {[%clk 00:09:53]} {[%emt 00:00:24]} Re6+ {[%clk 00:20:31]} {[%emt
00:00:47]} 34. Kf2 {[%clk 00:10:16]} {[%emt 00:00:07]} Kf8 {[%clk 00:20:11]}
{[%emt 00:00:50]} 35. Kg3 {[%clk 00:09:30]} {[%emt 00:01:16]} Ke7 {[%clk
00:20:33]} {[%emt 00:00:09]} 36. Kf2 {[%clk 00:05:55]} {[%emt 00:04:05]} Rd6
{[%clk 00:20:37]} {[%emt 00:00:26]} 37. Re2+ {[%clk 00:06:07]} {[%emt
00:00:17]} Kd7 {[%clk 00:20:58]} {[%emt 00:00:09]} 38. Rc2 {[%clk 00:06:33]}
{[%emt 00:00:04]} Rd1 {[%clk 00:21:03]} {[%emt 00:00:24]} 39. Kg3 {[%clk
00:05:50]} {[%emt 00:01:13]} Ra1 {[%clk 00:20:51]} {[%emt 00:00:42]} 40. a3
{[%clk 00:05:58]} {[%emt 00:00:23]} Rd1 {[%clk 00:19:38]} {[%emt 00:01:42]} 41.
Rc3 {[%clk 00:27:01]} {[%emt 00:09:27]} Rd2 {[%clk 00:49:16]} {[%emt 00:00:53]}
42. b4 {[%clk 00:27:13]} {[%emt 00:00:18]} Ke6 {[%clk 00:45:08]} {[%emt
00:04:38]} 43. a4 {[%clk 00:22:18]} {[%emt 00:05:26]} bxa4 {[%clk 00:42:32]}
{[%emt 00:03:05]} 44. Ra3 {[%clk 00:22:37]} {[%emt 00:00:12]} Rd6 {[%clk
00:42:17]} {[%emt 00:00:46]} 45. Rxa4 {[%clk 00:23:02]} {[%emt 00:00:04]} Kd5
{[%clk 00:42:30]} 0-1